NBA Finals Teams - Statistics

General Stats
  • This quiz has been taken 53 times
    28 since last reset
  • The average score is 51 of 150
Answer Stats
Year Answer % Correct
2024 Boston Celtics
80%
Dallas Mavericks
72%
2023 Denver Nuggets
72%
2015 Golden State Warriors
72%
2016 Cleveland Cavaliers
68%
2017 Golden State Warriors
68%
2018 Golden State Warriors
68%
2020 Los Angeles Lakers
68%
Miami Heat
68%
Boston Celtics
64%
Cleveland Cavaliers
64%
Cleveland Cavaliers
64%
Cleveland Cavaliers
64%
Golden State Warriors
64%
Golden State Warriors
64%
2022 Golden State Warriors
64%
2012 Miami Heat
64%
2013 Miami Heat
64%
Miami Heat
64%
2014 San Antonio Spurs
64%
2019 Toronto Raptors
64%
2011 Dallas Mavericks
60%
Miami Heat
60%
Miami Heat
60%
2021 Milwaukee Bucks
60%
Phoenix Suns
60%
San Antonio Spurs
60%
2009 Los Angeles Lakers
56%
2010 Los Angeles Lakers
56%
Oklahoma City Thunder
56%
2008 Boston Celtics
52%
Boston Celtics
52%
2000 Los Angeles Lakers
52%
Los Angeles Lakers
52%
1950 Minneapolis Lakers
52%
1991 Chicago Bulls
48%
1992 Chicago Bulls
48%
1993 Chicago Bulls
48%
2004 Detroit Pistons
48%
2001 Los Angeles Lakers
48%
2002 Los Angeles Lakers
48%
2006 Miami Heat
48%
2003 San Antonio Spurs
48%
2005 San Antonio Spurs
48%
2007 San Antonio Spurs
48%
1996 Chicago Bulls
44%
1997 Chicago Bulls
44%
1998 Chicago Bulls
44%
1994 Houston Rockets
44%
1995 Houston Rockets
44%
Orlando Magic
44%
Los Angeles Lakers
40%
Los Angeles Lakers
40%
Philadelphia 76ers
40%
Phoenix Suns
40%
1999 San Antonio Spurs
40%
Utah Jazz
40%
Utah Jazz
40%
Boston Celtics
36%
1986 Boston Celtics
36%
Dallas Mavericks
36%
Detroit Pistons
36%
1982 Los Angeles Lakers
36%
Los Angeles Lakers
36%
Los Angeles Lakers
36%
1985 Los Angeles Lakers
36%
1987 Los Angeles Lakers
36%
1988 Los Angeles Lakers
36%
New York Knicks
36%
Orlando Magic
36%
1981 Boston Celtics
32%
1984 Boston Celtics
32%
Boston Celtics
32%
Cleveland Cavaliers
32%
1980 Los Angeles Lakers
32%
New York Knicks
32%
1983 Philadelphia 76ers
32%
Portland Trail Blazers
32%
Seattle SuperSonics
32%
1976 Boston Celtics
28%
Detroit Pistons
28%
1990 Detroit Pistons
28%
Indiana Pacers
28%
Los Angeles Lakers
28%
New Jersey Nets
28%
New Jersey Nets
28%
Philadelphia 76ers
28%
1966 Boston Celtics
24%
1968 Boston Celtics
24%
1969 Boston Celtics
24%
1989 Detroit Pistons
24%
Los Angeles Lakers
24%
Los Angeles Lakers
24%
Los Angeles Lakers
24%
Los Angeles Lakers
24%
Portland Trail Blazers
24%
1957 Boston Celtics
20%
1959 Boston Celtics
20%
1960 Boston Celtics
20%
1961 Boston Celtics
20%
1962 Boston Celtics
20%
1963 Boston Celtics
20%
1964 Boston Celtics
20%
1965 Boston Celtics
20%
1975 Golden State Warriors
20%
Houston Rockets
20%
Los Angeles Lakers
20%
1972 Los Angeles Lakers
20%
Los Angeles Lakers
20%
1952 Minneapolis Lakers
20%
1953 Minneapolis Lakers
20%
1954 Minneapolis Lakers
20%
1970 New York Knicks
20%
1967 Philadelphia 76ers
20%
Philadelphia 76ers
20%
Philadelphia 76ers
20%
1979 Seattle SuperSonics
20%
1974 Boston Celtics
16%
Houston Rockets
16%
Los Angeles Lakers
16%
Los Angeles Lakers
16%
1971 Milwaukee Bucks
16%
1973 New York Knicks
16%
1956 Philadelphia Warriors
16%
1977 Portland Trail Blazers
16%
San Francisco Warriors
16%
Seattle SuperSonics
16%
1958 St. Louis Hawks
16%
1978 Washington Bullets
16%
Boston Celtics
12%
Minneapolis Lakers
12%
New York Knicks
12%
New York Knicks
8%
New York Knicks
8%
New York Knicks
8%
Phoenix Suns
8%
1951 Rochester Royals
8%
San Francisco Warriors
8%
Syracuse Nationals
8%
1955 Syracuse Nationals
8%
Washington Bullets
8%
Washington Bullets
8%
Baltimore Bullets
4%
Fort Wayne Pistons
4%
Fort Wayne Pistons
4%
Milwaukee Bucks
4%
St. Louis Hawks
4%
St. Louis Hawks
4%
St. Louis Hawks
4%
Syracuse Nationals
4%
No matching quizzes found
Score Distribution
Percent of People with Each Score
Percentile by Number Answered
Your Score History
You have not taken this quiz since the last reset